<?xml version="1.0" encoding="UTF-8"?>
<record
    xmlns:xsi="http://www.w3.org/2001/XMLSchema-instance"
    xsi:schemaLocation="http://www.loc.gov/MARC21/slim http://www.loc.gov/standards/marcxml/schema/MARC21slim.xsd"
    xmlns="http://www.loc.gov/MARC21/slim">

  <leader>03742cam a22004454i 4500</leader>
  <controlfield tag="003">PE-LiUPU</controlfield>
  <controlfield tag="005">20250731183425.0</controlfield>
  <controlfield tag="008">150706s                r     000 0     d</controlfield>
  <datafield tag="020" ind1=" " ind2=" ">
    <subfield code="a">9783037680063</subfield>
  </datafield>
  <datafield tag="035" ind1=" " ind2=" ">
    <subfield code="a">(Sirsi) i9783037680063</subfield>
  </datafield>
  <datafield tag="040" ind1=" " ind2=" ">
    <subfield code="a">PE-LiUPU</subfield>
    <subfield code="b">spa</subfield>
    <subfield code="c">PE-LiUPU</subfield>
    <subfield code="e">rda</subfield>
  </datafield>
  <datafield tag="049" ind1=" " ind2=" ">
    <subfield code="a">PRUA</subfield>
  </datafield>
  <datafield tag="082" ind1="0" ind2="4">
    <subfield code="a">725.5102</subfield>
    <subfield code="b">H</subfield>
    <subfield code="2">21</subfield>
  </datafield>
  <datafield tag="245" ind1="0" ind2="1">
    <subfield code="a">Hospital architecture + design /</subfield>
    <subfield code="c">Christine Nickl-Weller; Hans Nickl (eds.).</subfield>
  </datafield>
  <datafield tag="264" ind1=" " ind2="1">
    <subfield code="a">[Berlin] :</subfield>
    <subfield code="b">Braun,</subfield>
    <subfield code="c">2009.</subfield>
  </datafield>
  <datafield tag="300" ind1=" " ind2=" ">
    <subfield code="a">301 p&#xE1;ginas ;</subfield>
    <subfield code="c">25 cent&#xED;metros</subfield>
  </datafield>
  <datafield tag="336" ind1=" " ind2=" ">
    <subfield code="a">text</subfield>
    <subfield code="2">rdacontent</subfield>
  </datafield>
  <datafield tag="337" ind1=" " ind2=" ">
    <subfield code="a">unmediated</subfield>
    <subfield code="2">rdamedia</subfield>
  </datafield>
  <datafield tag="338" ind1=" " ind2=" ">
    <subfield code="a">volume</subfield>
    <subfield code="2">rdacarrier</subfield>
  </datafield>
  <datafield tag="490" ind1="0" ind2=" ">
    <subfield code="a">Masterpieces</subfield>
  </datafield>
  <datafield tag="500" ind1=" " ind2=" ">
    <subfield code="a">"Ingl&#xE9;s, Alem&#xE1;n y Franc&#xE9;s"-- escrito en tres idiomas.</subfield>
  </datafield>
  <datafield tag="505" ind1="0" ind2=" ">
    <subfield code="a">Agatharied Hospital -- ALB Hospital -- Anadolu Medical Center -- Angelika Lautenshl&#xE4;ger Clinic -- &#xC4;rztehaus Rodenkirchen K&#xF6;ln -- Bellevue Hospital Ambulatory Care Building -- B&#xF6;bligen District Hospital -- Cardiac Center of the University Hospital -- Catholic Hospital of St. Johann Nepomuk -- Cha Women&#xB4;s and Children&#xB4;s Hospital -- The Children's Hospital -- The Children&#xB4;s Hospital -- Clinic hanover Nordstadt -- Clinical Center of the City of Wolfsburg -- Clinical Center of the Johann Wolfgang Goethe-University -- Clinic Sainte-Marie -- Community Hospital North New Women and Infants Center -- The credit Valley Hospital -- Daimiel&#xB4;s Health Care Center-outpatient Specialty Center -- Fletcher Allen Health Care, The Renaissance Project -- Graz-West State Hospital -- Greifswald University Clinical Center -- Health Center -- Healthcarte Center Seekirchen -- Heart Hospital at Baptist Medical Center -- Helios Clinical Center -- Helsingor Psychiatric Hospital -- Hospital Regional de Alta Especiaalidad -- Innsbruck University Clinical Center -- Johannes Wesling Clinical Center -- K-Clinic -- Kaiser Permanente Panorama City Medical Center -- Kings Conuty Hospital Center -- Knittelfeld State Hospital -- Krefeld Clinical Center -- Legacy Salmon Creek Hospital -- Mildred-Scheel House -- Minamigaoka Clinic -- Municipal Clinic Center -- New Mestre Hospital -- The New Martini Hospital -- Ostalb Clinical Center -- Obstalb Clinical Center, Clinic Hotel -- Palomar Medical Center West -- Pan Praxisklinik am Neumarkt -- Pediatric Clinic "Princess Margaret" -- Peter and Paula Fasseas Cancer Clinic at University Medical Center -- Pictou Landing Health Center -- Pole De Sante Sarthe et Loire -- Ravelo Medical Clinic, Ravelo -- Rebecca and John Moores UCSD Cancer Center -- Rehab Basle -- Royal Ottawa Hospital -- Sophien and Hufeland Clinic -- Olav&#xB4;s Hospital Neuro Center -- Thunder Bay Regional Health Sciences Center -- University Clinical Center Carl Gustav Carus -- University Clinical Center -- William Osler Health Center -- Woodbury Dermatology Clinic -- Workmen's Compensation Casualty Clinic.</subfield>
  </datafield>
  <datafield tag="526" ind1=" " ind2=" ">
    <subfield code="a">P158</subfield>
  </datafield>
  <datafield tag="526" ind1=" " ind2=" ">
    <subfield code="a">P146</subfield>
  </datafield>
  <datafield tag="526" ind1=" " ind2=" ">
    <subfield code="a">P17</subfield>
  </datafield>
  <datafield tag="526" ind1=" " ind2=" ">
    <subfield code="a">P12</subfield>
  </datafield>
  <datafield tag="526" ind1=" " ind2=" ">
    <subfield code="a">P06</subfield>
  </datafield>
  <datafield tag="541" ind1=" " ind2=" ">
    <subfield code="g">001-000206;</subfield>
  </datafield>
  <datafield tag="650" ind1="0" ind2="4">
    <subfield code="a">Dise&#xF1;o arquitect&#xF3;nico</subfield>
    <subfield code="x">Hospitales</subfield>
    <subfield code="v">Dise&#xF1;o de interiores.</subfield>
  </datafield>
  <datafield tag="650" ind1="0" ind2="4">
    <subfield code="a">Edificios sanitarios.</subfield>
  </datafield>
  <datafield tag="700" ind1="1" ind2=" ">
    <subfield code="a">Chamot, Claire,</subfield>
    <subfield code="e">tr.</subfield>
  </datafield>
  <datafield tag="700" ind1="1" ind2=" ">
    <subfield code="a">Nickl, Hans,</subfield>
    <subfield code="e">ed.</subfield>
  </datafield>
  <datafield tag="700" ind1="1" ind2=" ">
    <subfield code="a">Nickl-Weller, Christine,</subfield>
    <subfield code="e">ed.</subfield>
  </datafield>
  <datafield tag="910" ind1=" " ind2=" ">
    <subfield code="a"></subfield>
  </datafield>
  <datafield tag="942" ind1=" " ind2=" ">
    <subfield code="2">ddc</subfield>
    <subfield code="c">BOOK</subfield>
  </datafield>
  <datafield tag="949" ind1=" " ind2=" ">
    <subfield code="a">725.5102 H</subfield>
    <subfield code="w">DEWEY</subfield>
    <subfield code="c">1</subfield>
    <subfield code="i">61614</subfield>
    <subfield code="d">2016-2-2</subfield>
    <subfield code="e">2016-2-1</subfield>
    <subfield code="l">CCODEBUL1</subfield>
    <subfield code="m">BUL</subfield>
    <subfield code="n">1</subfield>
    <subfield code="p">82.00</subfield>
    <subfield code="r">0</subfield>
    <subfield code="s">Y</subfield>
    <subfield code="t">BOOK</subfield>
    <subfield code="u">2015-7-6</subfield>
    <subfield code="x">INGENIERIA</subfield>
    <subfield code="P">P06</subfield>
    <subfield code="0">COMPRA</subfield>
    <subfield code="o">.STAFF. Colecci&#xF3;n General</subfield>
  </datafield>
  <datafield tag="994" ind1=" " ind2=" ">
    <subfield code="a">C0</subfield>
    <subfield code="b">PEPRU</subfield>
  </datafield>
  <datafield tag="596" ind1=" " ind2=" ">
    <subfield code="a">1</subfield>
  </datafield>
  <datafield tag="999" ind1=" " ind2=" ">
    <subfield code="a">725.5102 H</subfield>
    <subfield code="w">DEWEY</subfield>
    <subfield code="c">50795</subfield>
    <subfield code="i">61614</subfield>
    <subfield code="d">50795</subfield>
    <subfield code="e">2019-9-29</subfield>
    <subfield code="f">2021-11-10</subfield>
    <subfield code="g">7</subfield>
    <subfield code="l">CCODEBUL1</subfield>
    <subfield code="m">BUL</subfield>
    <subfield code="n">14</subfield>
    <subfield code="p">82.00</subfield>
    <subfield code="q">4</subfield>
    <subfield code="r">0</subfield>
    <subfield code="s">Y</subfield>
    <subfield code="t">BOOK</subfield>
    <subfield code="u">2015-7-6</subfield>
    <subfield code="x">INGENIERIA</subfield>
    <subfield code="P">P06</subfield>
    <subfield code="0">COMPRA</subfield>
    <subfield code="o">.STAFF. Colecci&#xF3;n General</subfield>
  </datafield>
  <datafield tag="980" ind1=" " ind2=" ">
    <subfield code="8">1</subfield>
    <subfield code="g">ALBERTO SANCHEZ Responsable de Automatizaci&#xF3;n</subfield>
  </datafield>
  <datafield tag="952" ind1=" " ind2=" ">
    <subfield code="r">2025-12-03 00:00:00</subfield>
    <subfield code="i">8</subfield>
    <subfield code="l">16</subfield>
    <subfield code="o">725.5102 H</subfield>
    <subfield code="p">61614</subfield>
    <subfield code="s">2023-05-22</subfield>
    <subfield code="t">e1</subfield>
    <subfield code="v">87.00</subfield>
    <subfield code="w">2015-07-06</subfield>
    <subfield code="x">FIA</subfield>
    <subfield code="y">BK</subfield>
    <subfield code="z">inventario-2023-12-13</subfield>
    <subfield code="1">0</subfield>
    <subfield code="2">ddc</subfield>
    <subfield code="5">0</subfield>
    <subfield code="7">0</subfield>
    <subfield code="8">GEN</subfield>
    <subfield code="f">P06</subfield>
    <subfield code="a">BUL</subfield>
    <subfield code="b">BUL</subfield>
    <subfield code="c">GEN</subfield>
    <subfield code="d">2015-07-06</subfield>
    <subfield code="e">COMPRA</subfield>
    <subfield code="g">82.00</subfield>
  </datafield>
</record>
